<?xml version="1.0" encoding="UTF-8"?>
<record
    xmlns:xsi="http://www.w3.org/2001/XMLSchema-instance"
    xsi:schemaLocation="http://www.loc.gov/MARC21/slim http://www.loc.gov/standards/marcxml/schema/MARC21slim.xsd"
    xmlns="http://www.loc.gov/MARC21/slim">

  <leader>00967nam a2200229 a 4500</leader>
  <controlfield tag="001">BRCA_8740</controlfield>
  <controlfield tag="005">20190320210403.0</controlfield>
  <controlfield tag="008">280717s199u----mx-a######---#000-0#spa-#</controlfield>
  <datafield tag="041" ind1=" " ind2=" ">
    <subfield code="a">spa</subfield>
  </datafield>
  <datafield tag="044" ind1=" " ind2=" ">
    <subfield code="a">mx</subfield>
  </datafield>
  <datafield tag="050" ind1=" " ind2="4">
    <subfield code="a">F1391.T5</subfield>
    <subfield code="b">.T53 1990</subfield>
  </datafield>
  <datafield tag="245" ind1="1" ind2="0">
    <subfield code="a">Tlacotalpan, Veracruz. Patrimonio de la humanidad, im&#xE1;genes fotogr&#xE1;ficas 1880-1950</subfield>
    <subfield code="c">colecci&#xF3;n y presentaci&#xF3;n Lic. Armando Pous Escalante ; pr&#xF3;logo Lic. Guillermo Ch&#xE1;zaro Lagos ; texto &#xB4;Tlacotalpan 1842-1915&#xB4; Jos&#xE9; Mar&#xED;a Malpica Luchich&#xED;.</subfield>
  </datafield>
  <datafield tag="260" ind1=" " ind2=" ">
    <subfield code="a">[M&#xE9;xico</subfield>
    <subfield code="b">s.n.</subfield>
    <subfield code="c">199-?]</subfield>
  </datafield>
  <datafield tag="300" ind1=" " ind2=" ">
    <subfield code="a">199 p.</subfield>
    <subfield code="b">il.</subfield>
    <subfield code="c">21 cm.</subfield>
  </datafield>
  <datafield tag="651" ind1=" " ind2="4">
    <subfield code="a">Tlacotalpan (M&#xE9;xico)</subfield>
    <subfield code="v">Trabajos Ilustrados</subfield>
    <subfield code="9">21762</subfield>
  </datafield>
  <datafield tag="651" ind1=" " ind2="4">
    <subfield code="a">Tlacotalpan (M&#xE9;xico)</subfield>
    <subfield code="v">Biograf&#xED;a</subfield>
    <subfield code="9">21763</subfield>
  </datafield>
  <datafield tag="651" ind1=" " ind2="4">
    <subfield code="a">Tlacotalpan (M&#xE9;xico)</subfield>
    <subfield code="x">Descripci&#xF3;n y viajes</subfield>
    <subfield code="9">21764</subfield>
  </datafield>
  <datafield tag="700" ind1="1" ind2=" ">
    <subfield code="a">Pous Escalante, Armando</subfield>
    <subfield code="9">21765</subfield>
  </datafield>
  <datafield tag="700" ind1="1" ind2=" ">
    <subfield code="a">Ch&#xE1;zaro Lagos, Guillermo</subfield>
    <subfield code="e">pr&#xF3;l.</subfield>
    <subfield code="9">21766</subfield>
  </datafield>
  <datafield tag="700" ind1="1" ind2=" ">
    <subfield code="a">Malpica Luchich&#xED;, Jos&#xE9; Mar&#xED;a</subfield>
    <subfield code="t">Tlacotalpan 1842-1915</subfield>
    <subfield code="9">21767</subfield>
  </datafield>
  <datafield tag="942" ind1=" " ind2=" ">
    <subfield code="2">lcc</subfield>
    <subfield code="c">B</subfield>
  </datafield>
  <datafield tag="999" ind1=" " ind2=" ">
    <subfield code="c">8392</subfield>
    <subfield code="d">8392</subfield>
  </datafield>
  <datafield tag="952" ind1=" " ind2=" ">
    <subfield code="0">0</subfield>
    <subfield code="1">0</subfield>
    <subfield code="4">0</subfield>
    <subfield code="7">0</subfield>
    <subfield code="a">BRCA</subfield>
    <subfield code="b">BRCA</subfield>
    <subfield code="d">2017-02-24</subfield>
    <subfield code="l">0</subfield>
    <subfield code="o">F1391.T5 .T53 1990</subfield>
    <subfield code="p">02954</subfield>
    <subfield code="r">2019-03-22 00:00:00</subfield>
    <subfield code="w">2019-03-22</subfield>
    <subfield code="y">B</subfield>
  </datafield>
</record>
